[Event "IECC CL5-2004.20 email"]
[Site "IECC email"]
[Date "2004.07.25"]
[Round "?"]
[White "McNally, David"]
[Black "Mallet, Bruno"]
[Result "1-0"]
[WhiteElo "1600"]
[BlackElo "1399"]
[PlyCount "51"]
[EventDate "2004.??.??"]
[EventType "tourn (corr)"]
[EventRounds "4"]
[SourceTitle "Corr 2008"]
[Source "ChessBase"]
[SourceDate "2008.06.24"]
[SourceVersion "1"]
[SourceVersionDate "2008.06.24"]
[SourceQuality "1"]

1. e4 e5 2. Nf3 Nc6 3. Nc3 Nf6 4. Bb5 Bb4 5. 0-0 0-0 6. d3 d6 7. Bg5 Bxc3 8. bxc3 Qe7 9. Re1 Nd8 10. d4 Ne6 11. Bc1 Rd8 12. Bd3 Nf8 13. Rb1 b6 14. Bc4 Be6 15. d5 Bg4 16. Qe2 Ng6 17. Qd3 h6 18. Bb5 Bd7 19. a4 a5 20. c4 Nh5 21. Qc3 f5 22. exf5 Bxf5 23. Bc6 Rab8 24. Qb3 Bd7 25. Nd4 Qf6 26. Bxd7 1-0

[Event "IECC KO-2040"]
[Site "IECC email"]
[Date "2003.10.22"]
[Round "?"]
[White "McNally, David"]
[Black "Jensen, Jeff"]
[Result "1-0"]
[WhiteElo "1519"]
[BlackElo "1522"]
[PlyCount "63"]
[EventDate "2003.??.??"]
[EventType "match (corr)"]
[EventRounds "2"]
[SourceTitle "Corr 2020"]
[Source "ChessBase"]
[SourceDate "2019.09.30"]
[SourceVersion "1"]
[SourceVersionDate "2019.09.30"]
[SourceQuality "1"]
[WhiteTeam "England"]
[BlackTeam "Australia"]
[WhiteTeamCountry "ENG"]
[BlackTeamCountry "AUS"]

1. e4 c6 2. d4 d5 3. Nd2 dxe4 4. Nxe4 Bf5 5. Ng3 Bg6 6. h4 h6 7. Nf3 Nf6 8. Ne5 Bh7 9. Bd3 Bxd3 10. Qxd3 e6 11. Bd2 Nbd7 12. f4 c5 13. 0-0-0 cxd4 14. Ng6 Rg8 15. Nxf8 Nxf8 16. Bb4 Qd5 17. Qxd4 Qxd4 18. Rxd4 Rd8 19. Rc4 Nd5 20. Re1 Nd7 21. f5 N7b6 22. Rd4 Nxb4 23. Rxb4 Rd6 24. a4 Nd5 25. Rxb7 Rd7 26. Rb8+ Rd8 27. Rxd8+ Kxd8 28. fxe6 fxe6 29. Rxe6 Nc7 30. Rd6+ Ke7 31. Nf5+ Kf7 32. g4 1-0

[Event "IECC CL6-2003.10 email"]
[Site "IECC email"]
[Date "2003.05.14"]
[Round "?"]
[White "McNally, David"]
[Black "Caudill, Tommy A"]
[Result "1-0"]
[WhiteElo "1401"]
[BlackElo "1230"]
[PlyCount "57"]
[EventDate "2003.??.??"]
[EventType "tourn (corr)"]
[EventRounds "4"]
[SourceTitle "Corr 2008"]
[Source "ChessBase"]
[SourceDate "2008.06.24"]
[SourceVersion "1"]
[SourceVersionDate "2008.06.24"]
[SourceQuality "1"]

1. e4 c6 2. Nf3 d5 3. e5 Bg4 4. d4 e6 5. Be2 Be7 6. 0-0 Nd7 7. Nc3 c5 8. Bf4 c4 9. Qd2 Bb4 10. a3 Ba5 11. b4 cxb3 12. cxb3 Bxc3 13. Qxc3 Rc8 14. Qb4 Qb6 15. Bb5 Ne7 16. Bg5 Nc6 17. Bxc6 Qxb4 18. Bxd7+ Kxd7 19. axb4 a6 20. Rfc1 Bxf3 21. gxf3 h6 22. Be3 g5 23. Rc5 Rxc5 24. bxc5 Rc8 25. h3 Ke8 26. f4 h5 27. fxg5 Kf8 28. Ra5 Rc7 29. b4 1-0

[Event "IECC CL6-1998.07"]
[Site "IECC email"]
[Date "1998.06.09"]
[Round "?"]
[White "Cousins, Eddie"]
[Black "McNally, David"]
[Result "1-0"]
[WhiteElo "1472"]
[BlackElo "1282"]
[PlyCount "47"]
[EventDate "1998.??.??"]
[EventType "tourn (corr)"]
[EventRounds "4"]
[SourceTitle "Corr 2008"]
[Source "ChessBase"]
[SourceDate "2008.06.24"]
[SourceVersion "1"]
[SourceVersionDate "2008.06.24"]
[SourceQuality "1"]

1. e4 c5 2. c3 Nf6 3. e5 Nd5 4. d4 cxd4 5. Nf3 e6 6. cxd4 d6 7. a3 Nc6 8. Bd3 dxe5 9. dxe5 Qc7 10. 0-0 Nxe5 11. Nxe5 Qxe5 12. Bb5+ Bd7 13. Bxd7+ Kxd7 14. Re1 Qf5 15. g4 Qg6 16. Nc3 Rd8 17. Nxd5 Kc8 18. Bf4 Rxd5 19. Rc1+ Kd8 20. Bc7+ Kd7 21. Qa4+ Ke7 22. Bg3 Rd7 23. Red1 Rxd1+ 24. Qxd1 1-0